Cargando...

Contemporary India- 2:Textbook in geography for class IX

Detalles Bibliográficos
Autor principal: NCERT
Formato: Printed Book
Publicado: NCERT
LEADER 00385nam a22001217a 4500
041 |a English 
100 |a NCERT 
245 |a Contemporary India- 2:Textbook in geography for class IX 
260 |b NCERT 
505 |a PTA donated 
942 |c REF 
999 |c 177030  |d 177030 
952 |0 0  |1 0  |4 0  |6 IFS  |7 0  |9 181965  |a KAUCOF  |b KAUCOF  |d 2016-11-03  |g 65.00  |l 1  |o IFS  |p KAU_COF-G-450  |r 2018-04-02  |s 2018-03-28  |w 2019-07-30  |y REF